Guess the Fusion Rock Song Lyrics #220 - Statistics

General Stats
  • This quiz has been taken 19 times
  • The average score is 163 of 311
Answer Stats
Answer % Correct
a
93%
an
93%
I
93%
and
87%
the
87%
do
80%
go
80%
to
80%
You
80%
you
80%
Ha
73%
ha
73%
have
73%
in
73%
know
73%
me
73%
my
73%
no
73%
on
73%
your
73%
you're
73%
You're
73%
ELO
67%
love
67%
that
67%
That
67%
time
67%
too
67%
where
67%
down
60%
got
60%
just
60%
of
60%
So
60%
so
60%
what
60%
win
60%
all
53%
eyes
53%
from
53%
gonna
53%
good
53%
how
53%
Oh
53%
oh
53%
one
53%
saw
53%
some
53%
up
53%
woman
53%
But
47%
came
47%
done
47%
every
47%
Evil
47%
evil
47%
get
47%
his
47%
took
47%
wrong
47%
better
40%
Cause
40%
feeling
40%
head
40%
here
40%
Hey
40%
hey
40%
it's
40%
It's
40%
left
40%
made
40%
make
40%
now
40%
them
40%
there
40%
very
40%
ways
40%
ain't
33%
else
33%
fool
33%
gave
33%
place
33%
soon
33%
Such
33%
Thought
33%
board
27%
comes
27%
cryin
27%
cup
27%
drink
27%
money
27%
next
27%
nobody
27%
nowhere
27%
open
27%
separate
27%
shame
27%
song
27%
There's
27%
train
27%
tryin
27%
wine
27%
another
20%
blame
20%
blues
20%
cried
20%
different
20%
dreams
20%
face
20%
found
20%
funny
20%
hot
20%
Lord
20%
nice
20%
pain
20%
played
20%
rain
20%
road
20%
runnin
20%
town
20%
wail
20%
between
13%
body
13%
broke
13%
broken
13%
daze
13%
end
13%
hole
13%
leads
13%
Rolled
13%
settle
13%
destroyed
7%
lyin
7%
miles
7%
smilin
7%
use
7%
virtues
7%
gold
0%
Hit
0%
No matching quizzes found
Score Distribution
Percent of People with Each Score
Percentile by Number Answered
Your Score History
You have not taken this quiz